[Event "Pan American-ch U20"]
[Site "San Salvador"]
[Date "2015.07.20"]
[Round "7"]
[White "Valencia, Oscar"]
[Black "Lemus, Hector"]
[Result "1-0"]
[WhiteElo "1728"]
[BlackElo "1616"]
[PlyCount "75"]
[EventDate "2015.07.16"]
[EventType "swiss"]
[EventRounds "9"]
[EventCountry "ESA"]
[SourceTitle "EXT 2016"]
[Source "ChessBase"]
[SourceDate "2015.10.08"]
[SourceVersion "1"]
[SourceVersionDate "2015.10.08"]
[SourceQuality "1"]

1. d4 d5 2. Nf3 c6 3. c4 e6 4. Nc3 Nf6 5. Bf4 Bb4 6. Qc2 0-0 7. e3 Bd7 8. Bd3 Re8 9. 0-0 Be7 10. c5 Na6 11. Be5 Nb4 12. Qd2 Nxd3 13. Qxd3 b6 14. b4 a5 15. a3 Kh8 16. Ng5 Kg8 17. Bxf6 Bxf6 18. Qxh7+ Kf8 19. Nf3 Ke7 20. Qc2 Rh8 21. cxb6 Qxb6 22. Na4 Qb5 23. Rab1 axb4 24. Rxb4 Qa5 25. Rfb1 Rhg8 26. Nb6 Rad8 27. Ra4 Qxa4 28. Qxa4 Rb8 29. Qa7 Rbd8 30. Nxd7 Rxd7 31. Qc5+ Ke8 32. Qxc6 Ke7 33. Qc5+ Ke8 34. Rb8+ Rd8 35. Qc6+ Ke7 36. Qc7+ Rd7 37. Qc5+ Rd6 38. Rb7+ 1-0

[Event "Pan American-ch U20"]
[Site "San Salvador"]
[Date "2015.07.18"]
[Round "4"]
[White "Lemus, Hector"]
[Black "De Leon, Gabriel"]
[Result "0-1"]
[WhiteElo "1616"]
[BlackElo "1804"]
[PlyCount "108"]
[EventDate "2015.07.16"]
[EventType "swiss"]
[EventRounds "9"]
[EventCountry "ESA"]
[SourceTitle "EXT 2016"]
[Source "ChessBase"]
[SourceDate "2015.10.08"]
[SourceVersion "1"]
[SourceVersionDate "2015.10.08"]
[SourceQuality "1"]

1. e4 e5 2. Nf3 Nc6 3. d4 exd4 4. Nxd4 Bc5 5. Be3 Qf6 6. c3 Nge7 7. Bc4 d6 8. 0-0 0-0 9. Nxc6 Nxc6 10. Bxc5 dxc5 11. Nd2 Ne5 12. Bb3 Be6 13. Re1 Rad8 14. Bxe6 Qxe6 15. Qc2 Qg6 16. Kh1 Rfe8 17. Re3 Qd6 18. Nf3 Nxf3 19. Rxf3 Qd2 20. Qxd2 Rxd2 21. Rf5 Rxb2 22. Rxc5 c6 23. f3 Rd8 24. Re5 Kf8 25. h3 Rdd2 26. Rg5 Rxa2 27. Rxa2 Rxa2 28. Rc5 Ke7 29. Kh2 Kd6 30. Rf5 f6 31. h4 Rc2 32. Ra5 a6 33. Ra3 Kc5 34. Rb3 b5 35. Ra3 Kb6 36. Kh3 c5 37. g3 b4 38. cxb4 cxb4 39. Rb3 Kb5 40. Kg4 Rc3 41. Rb2 a5 42. Kh3 Rxf3 43. Kg2 Rc3 44. Kf2 b3 45. Ke2 Rxg3 46. Kd1 Rg1+ 47. Kd2 Rg2+ 48. Kc3 Rxb2 49. Kxb2 a4 50. Kb1 a3 51. Ka1 Kb4 52. Kb1 h5 53. Ka1 b2+ 54. Ka2 Kc3 0-1

[Event "Pan American-ch U20"]
[Site "San Salvador"]
[Date "2015.07.16"]
[Round "1"]
[White "Lemus, Hector"]
[Black "Squella Lavin, Carlos Felipe"]
[Result "0-1"]
[WhiteElo "1616"]
[BlackElo "2183"]
[PlyCount "54"]
[EventDate "2015.07.16"]
[EventType "swiss"]
[EventRounds "9"]
[EventCountry "ESA"]
[SourceTitle "EXT 2016"]
[Source "ChessBase"]
[SourceDate "2015.10.08"]
[SourceVersion "1"]
[SourceVersionDate "2015.10.08"]
[SourceQuality "1"]

1. e4 e6 2. d4 d5 3. e5 c5 4. c3 Qb6 5. f4 Nc6 6. Nf3 Nh6 7. Bd3 Bd7 8. 0-0 cxd4 9. cxd4 Nxd4 10. Kh1 Nxf3 11. Qxf3 g6 12. Nc3 Be7 13. Rb1 Nf5 14. Bxf5 gxf5 15. Rd1 Bc6 16. Qd3 Rg8 17. Ne2 Bb5 18. Qf3 Bc5 19. Ng3 0-0-0 20. Nh5 d4 21. Ng3 Bc6 22. Qf1 h5 23. Rd2 h4 24. Nh5 Rxg2 25. Rxg2 h3 26. Qd3 hxg2+ 27. Kg1 Be4 0-1